| 000 | 00467cam a2200193ua 4500 | ||
|---|---|---|---|
| 001 | 8925 | ||
| 005 | 20260515114414.0 | ||
| 008 | 150218n ii |||gr||||Z||||||asm | ||
| 040 | _cMAIN | ||
| 041 | _aasm | ||
| 082 | _a891.4513 | ||
| 100 |
_aSaikia, N., _eAuthor. |
||
| 245 | 1 |
_aAndharat nizar mukh _cBy Nagen Saikia |
|
| 250 | _a1st. | ||
| 260 |
_aGuwahati: _bSahitya, _c1998. |
||
| 300 | _a186p. | ||
| 653 | _aEast Indo-European & Celtic literatures | ||
| 942 | _cBK | ||
| 999 |
_c8012 _d8012 |
||